[Event "26.Torneo Collado Villalba 2011"]
[Site "Collado Villalba ESP"]
[Date "2011.08.25"]
[Round "3.5"]
[White "Barria Zuniga, Daniel"]
[Black "Alcazar Jimenez, Jesus"]
[Result "1-0"]
[WhiteElo "2443"]
[BlackElo "2257"]
[PlyCount "85"]
[EventDate "2011.08.23"]
[EventType "swiss"]
[EventRounds "9"]
[EventCountry "ESP"]
[Source "lmi"]
[SourceDate "2011.08.23"]

1. d4 Nf6 2. c4 e6 3. Nf3 d5 4. Nc3 c6 5. Bg5 h6 6. Bxf6 Qxf6 7. e3 g6 8. Bd3
Bg7 9. O-O O-O 10. Re1 Nd7 11. e4 dxe4 12. Nxe4 Qf4 13. c5 b6 14. Qc2 e5 15.
cxb6 exd4 16. bxa7 Rxa7 17. Qxc6 Rc7 18. Qd6 Qxd6 19. Nxd6 Nc5 20. Bc4 Nb7 21.
Nxc8 Rfxc8 22. Bf1 Rc2 23. b4 Rd8 24. Bd3 Rc3 25. Red1 Ra3 26. Ne1 Nd6 27. Nc2
Rc3 28. a4 Nc4 29. Ne1 Bf8 30. Bxc4 Rxc4 31. b5 Bb4 32. Nd3 Bc3 33. Ra3 Ra8 34.
b6 Ba5 35. Rb1 Rc3 36. b7 Rb8 37. Rxc3 dxc3 38. Kf1 c2 39. Rb5 Bc7 40. Ke2 Rd8
41. Rc5 Re8+ 42. Kd2 Bb8 43. Kxc2 1-0

[Event "26.Torneo Collado Villalba 2011"]
[Site "Collado Villalba ESP"]
[Date "2011.08.25"]
[Round "3.6"]
[White "Ortega Ruiz, Jose Miguel"]
[Black "Roa Alonso, Santiago"]
[Result "1/2-1/2"]
[WhiteElo "2248"]
[BlackElo "2428"]
[PlyCount "94"]
[EventDate "2011.08.23"]
[EventType "swiss"]
[EventRounds "9"]
[EventCountry "ESP"]
[Source "lmi"]
[SourceDate "2011.08.23"]

1. d4 Nf6 2. c4 e6 3. e3 d5 4. Nf3 c5 5. Nc3 Nc6 6. a3 a6 7. h3 Bd6 8. dxc5
Bxc5 9. b4 Bd6 10. Bb2 O-O 11. Rc1 dxc4 12. Bxc4 b5 13. Bd3 Ne5 14. Nxe5 Bxe5
15. f4 Bxc3+ 16. Bxc3 Nd5 17. Bd4 Qh4+ 18. Kd2 a5 19. Qg4 Qf2+ 20. Qe2 Qxe2+
21. Bxe2 axb4 22. axb4 Nxb4 23. Bxb5 Bb7 24. Ra1 Rac8 25. Rhb1 Nc2 26. Bd7 Rc7
27. Ra7 Rxd7 28. Raxb7 Rxb7 29. Rxb7 Nxd4 30. exd4 Rd8 31. Ke3 Kf8 32. g4 Ra8
33. h4 h5 34. gxh5 Ra5 35. Rb8+ Ke7 36. Rh8 Ra3+ 37. Kf2 Rh3 38. Rh7 Kf6 39. h6
g6 40. Ke2 Rxh4 41. Ke3 Rh3+ 42. Ke4 Ke7 43. d5 exd5+ 44. Kxd5 Kf6 45. Ke4 Ke6
46. Rh8 Kf6 47. Rh7 Ke6 1/2-1/2

[Event "26.Torneo Collado Villalba 2011"]
[Site "Collado Villalba ESP"]
[Date "2011.08.25"]
[Round "3.7"]
[White "Rodrigo Yanguas, Maria"]
[Black "Renteria, Jorge"]
[Result "0-1"]
[WhiteElo "2102"]
[BlackElo "2320"]
[PlyCount "82"]
[EventDate "2011.08.23"]
[EventType "swiss"]
[EventRounds "9"]
[EventCountry "ESP"]
[Source "lmi"]
[SourceDate "2011.08.23"]

1. e4 c5 2. Nf3 d6 3. d4 cxd4 4. Nxd4 Nf6 5. Nc3 a6 6. Be2 e5 7. Nb3 Be7 8. Be3
Be6 9. Nd5 Nbd7 10. f3 O-O 11. Qd2 Bxd5 12. exd5 a5 13. Qd3 a4 14. Nd2 Qa5 15.
c4 Nc5 16. Qf5 g6 17. Qh3 a3 18. b4 Qxb4 19. O-O Nh5 20. g3 Qc3 21. Bh6 Ng7 22.
Rab1 Rfb8 23. g4 f5 24. Qg2 fxg4 25. fxg4 Rf8 26. Nf3 e4 27. Nd2 Qe5 28. Nb3 b6
29. Be3 Rxf1+ 30. Bxf1 Rf8 31. Nd4 Bg5 32. Qd2 Bxe3+ 33. Qxe3 h5 34. h3 hxg4
35. hxg4 Rf4 36. Be2 Qg5 37. Qxa3 e3 38. Rxb6 Rxg4+ 39. Bxg4 Qxg4+ 40. Kh2 Qxd4
41. Rb8+ Kh7 0-1

[Event "26.Torneo Collado Villalba 2011"]
[Site "Collado Villalba ESP"]
[Date "2011.08.25"]
[Round "3.8"]
[White "Sanchez Gonzalez, Sergio"]
[Black "Semprun Martinez, Fernando"]
[Result "1-0"]
[WhiteElo "2302"]
[BlackElo "2239"]
[PlyCount "120"]
[EventDate "2011.08.23"]
[EventType "swiss"]
[EventRounds "9"]
[EventCountry "ESP"]
[Source "lmi"]
[SourceDate "2011.08.23"]

1. c4 c5 2. Nf3 Nc6 3. Nc3 e5 4. e3 Nf6 5. d4 cxd4 6. exd4 e4 7. d5 exf3 8.
dxc6 fxg2 9. cxd7+ Qxd7 10. Qxd7+ Bxd7 11. Bxg2 O-O-O 12. O-O Bc5 13. Bg5 Rhe8
14. Nd5 Bc6 15. Rad1 Re2 16. b4 Bxd5 17. Bxd5 Be7 18. Bg2 Rxd1 19. Rxd1 Bxb4
20. Bh3+ Kc7 21. Bf4+ Kb6 22. Be3+ Kc7 23. Bf1 Rxa2 24. c5 Ng4 25. Bf4+ Kc8 26.
Bb5 Nxf2 27. Bd7+ Kd8 28. Rd5 Ke7 29. Bc8 Bxc5 30. Rxc5 Nd3 31. Rc7+ Kd8 32.
Bg3 b5 33. Bf5 Ra1+ 34. Kg2 Ne1+ 35. Kf2 g6 36. Rd7+ Ke8 37. Bh3 b4 38. Be5 Ra3
39. Bg3 b3 40. Rd2 b2 41. Bd7+ Ke7 42. Bd6+ Kf6 43. Rxb2 Rd3 44. Bb8 Rxd7 45.
Kxe1 a5 46. Rb6+ Ke7 47. Ra6 Rb7 48. Bf4 Rb5 49. Kf2 h5 50. Bd2 Rb2 51. Ke1 Ra2
52. Bg5+ Kd7 53. h4 a4 54. Ra7+ Ke6 55. Re7+ Kf5 56. Rxf7+ Kg4 57. Rf6 a3 58.
Rxg6 Rg2 59. Bf6+ Kh3 60. Rxg2 Kxg2 1-0

[Event "26.Torneo Collado Villalba 2011"]
[Site "Collado Villalba ESP"]
[Date "2011.08.25"]
[Round "3.9"]
[White "Prada Lopez, Miguel Angel"]
[Black "Vazquez Igarza, Renier"]
[Result "0-1"]
[WhiteElo "2150"]
[BlackElo "2561"]
[PlyCount "74"]
[EventDate "2011.08.23"]
[EventType "swiss"]
[EventRounds "9"]
[EventCountry "ESP"]
[Source "lmi"]
[SourceDate "2011.08.23"]

1. Nf3 Nc6 2. c4 e5 3. Nc3 f5 4. d3 Bb4 5. Bg5 Nf6 6. Rc1 h6 7. Bxf6 Qxf6 8. e3
O-O 9. Be2 d6 10. O-O Bxc3 11. Rxc3 Kh8 12. d4 Bd7 13. a3 e4 14. Nd2 Rae8 15.
f3 exf3 16. Nxf3 Re7 17. d5 Ne5 18. Qd4 Nxf3+ 19. Bxf3 Qxd4 20. exd4 g5 21. g3
Kg7 22. h4 f4 23. hxg5 hxg5 24. Bg2 Ref7 25. gxf4 Rxf4 26. Rg3 g4 27. Rd1 Re8
28. b4 Kf6 29. c5 Bf5 30. cxd6 cxd6 31. Rc3 Re7 32. Rd2 Kg5 33. b5 Re1+ 34. Kh2
Kh4 35. b6 axb6 36. Rb2 Rxd4 37. Rxb6 Bd3 0-1

[Event "26.Torneo Collado Villalba 2011"]
[Site "Collado Villalba ESP"]
[Date "2011.08.25"]
[Round "3.10"]
[White "Luna Hermoso, Angel"]
[Black "Pastor Alonso De Prado, Emilio"]
[Result "0-1"]
[WhiteElo "2046"]
[BlackElo "2197"]
[PlyCount "60"]
[EventDate "2011.08.23"]
[EventType "swiss"]
[EventRounds "9"]
[EventCountry "ESP"]
[Source "lmi"]
[SourceDate "2011.08.23"]

1. e4 e5 2. Nf3 Nc6 3. d4 exd4 4. Bc4 Be7 5. O-O d6 6. Nxd4 Nf6 7. Nc3 O-O 8.
Be2 Nxd4 9. Qxd4 c6 10. Be3 Ne8 11. Rad1 f5 12. e5 d5 13. f4 Nc7 14. Kh1 c5 15.
Qd3 d4 16. Bg1 Be6 17. Qh3 Qe8 18. Nb1 Qa4 19. Qa3 Qxa3 20. Nxa3 Rab8 21. b4 b5
22. bxc5 Bxc5 23. Nb1 Bxa2 24. Nc3 Be6 25. Bxd4 Bxd4 26. Rxd4 a5 27. Ra1 b4 28.
Nd1 Rfd8 29. Rxd8+ Rxd8 30. Rxa5 Rd2 0-1

[Event "26.Torneo Collado Villalba 2011"]
[Site "Collado Villalba ESP"]
[Date "2011.08.25"]
[Round "3.11"]
[White "Malmi, Eric"]
[Black "Cao Armillas, Jesus"]
[Result "1-0"]
[WhiteElo "2044"]
[BlackElo "2194"]
[PlyCount "75"]
[EventDate "2011.08.23"]
[EventType "swiss"]
[EventRounds "9"]
[EventCountry "ESP"]
[Source "lmi"]
[SourceDate "2011.08.23"]

1. e4 c5 2. c3 d5 3. exd5 Qxd5 4. d4 Nf6 5. Nf3 g6 6. dxc5 Qxc5 7. Be3 Qc7 8.
Na3 Nc6 9. Nb5 Qb8 10. Bc4 Bg7 11. Qe2 O-O 12. O-O a6 13. Nbd4 Qc7 14. h3 b5
15. Nxc6 Qxc6 16. Bb3 Bb7 17. Rfd1 e6 18. Bd4 Rad8 19. a4 Ne4 20. axb5 axb5 21.
Bxg7 Kxg7 22. Nd4 Rxd4 23. cxd4 Nc5 24. d5 Qe8 25. Ba2 e5 26. Rac1 Na6 27. Qe3
f6 28. Qb6 Qd7 29. Bb3 f5 30. Qe6 Qd8 31. Qxe5+ Kh6 32. Rd4 Rf7 33. g3 g5 34.
d6 Rd7 35. Qe6+ Kg7 36. Rc7 Bc8 37. Qe5+ Kh6 38. Rxc8 1-0

[Event "26.Torneo Collado Villalba 2011"]
[Site "Collado Villalba ESP"]
[Date "2011.08.25"]
[Round "3.13"]
[White "De La Fuente Gonzalez, Francisc"]
[Black "Garcia Saez, Juan Carlos"]
[Result "0-1"]
[WhiteElo "2190"]
[BlackElo "2070"]
[PlyCount "89"]
[EventDate "2011.08.23"]
[EventType "swiss"]
[EventRounds "9"]
[EventCountry "ESP"]
[Source "lmi"]
[SourceDate "2011.08.23"]

1. c4 c5 2. Nf3 Nc6 3. Nc3 g6 4. g3 Bg7 5. Bg2 Nf6 6. d4 cxd4 7. Nxd4 O-O 8.
O-O Nxd4 9. Qxd4 d6 10. Qd3 Ng4 11. Nd5 e6 12. Ne3 Ne5 13. Qb3 Qc7 14. Bd2 Bd7
15. Rac1 Bc6 16. f3 Nd7 17. Qa3 Bd4 18. b4 b6 19. Kh1 Bb7 20. Qd3 Bg7 21. Bc3
Ne5 22. Qd4 f6 23. Rfd1 Rad8 24. b5 Rd7 25. Bb4 Rfd8 26. f4 Bxg2+ 27. Nxg2 Ng4
28. Kg1 f5 29. Qd3 Nf6 30. Nh4 Ne4 31. Nf3 Qb7 32. Nd4 Nc5 33. Qe3 Bxd4 34.
Rxd4 Kf7 35. Rcd1 Ne4 36. a4 a5 37. Ba3 Qc7 38. Qd3 Nc5 39. Qc2 e5 40. Rd5 exf4
41. gxf4 Ne4 42. Qd3 Re8 43. Rc1 Qd8 44. Qh3 Nf6 45. Rd4 0-1

[Event "26.Torneo Collado Villalba 2011"]
[Site "Collado Villalba ESP"]
[Date "2011.08.25"]
[Round "3.14"]
[White "Bolea Jover, Jose"]
[Black "Gonzalez Mateos, Rafael"]
[Result "1-0"]
[WhiteElo "2021"]
[BlackElo "2186"]
[PlyCount "65"]
[EventDate "2011.08.23"]
[EventType "swiss"]
[EventRounds "9"]
[EventCountry "ESP"]
[Source "lmi"]
[SourceDate "2011.08.23"]

1. e4 e6 2. d4 d5 3. exd5 exd5 4. Nf3 Bd6 5. Bd3 Ne7 6. O-O Bg4 7. h3 Bh5 8. c3
Nbc6 9. Re1 Qd7 10. Be3 h6 11. Nbd2 O-O 12. c4 dxc4 13. Bxc4 Rad8 14. a3 a6 15.
Rc1 Nf5 16. Qc2 Bg6 17. Bd3 Be7 18. Be4 Nxe3 19. Rxe3 Bxe4 20. Nxe4 Rfe8 21.
Rd1 Bf8 22. d5 f5 23. Nc5 Bxc5 24. Rxe8+ Qxe8 25. Qxc5 Qe7 26. Qc4 Kh8 27. Re1
Qf7 28. Rd1 Na5 29. Ne5 Qf6 30. Qxc7 Re8 31. f4 b6 32. b4 Nb3 33. Qc3 1-0

[Event "26.Torneo Collado Villalba 2011"]
[Site "Collado Villalba ESP"]
[Date "2011.08.25"]
[Round "3.16"]
[White "Angelina Vela, Carlos"]
[Black "Montanes Arribas, Adrian"]
[Result "1/2-1/2"]
[WhiteElo "1998"]
[BlackElo "2177"]
[PlyCount "92"]
[EventDate "2011.08.23"]
[EventType "swiss"]
[EventRounds "9"]
[EventCountry "ESP"]
[Source "lmi"]
[SourceDate "2011.08.23"]

1. c4 c6 2. d4 d5 3. cxd5 cxd5 4. Nc3 Nf6 5. Nf3 Nc6 6. e3 Bg4 7. Be2 e6 8. O-O
Bd6 9. a3 Rc8 10. Bd2 O-O 11. Ne1 Bxe2 12. Qxe2 Na5 13. Nb5 Bb8 14. Bxa5 Qxa5
15. Nf3 Ne4 16. Ne5 a6 17. f3 Nd2 18. b4 Qxb5 19. Qxd2 Bxe5 20. dxe5 Rc4 21.
Rfc1 Rfc8 22. h3 Qc6 23. Rf1 Rc2 24. Qd4 Qc3 25. Rf2 Rxf2 26. Kxf2 Qc2+ 27. Kg3
h6 28. Rd1 Rc4 29. Qd3 Qb2 30. f4 Rc2 31. Rg1 Rc3 32. Qd4 Qxa3 33. Re1 Rc4 34.
Qb6 Qxb4 35. Qd8+ Kh7 36. Re2 d4 37. Qd7 Kg6 38. f5+ exf5 39. e6 Qf8 40. e7
Qb8+ 41. Kf3 dxe3 42. g3 Re4 43. Rxe3 Qe5 44. Rxe4 Qxe4+ 45. Kf2 Qc2+ 46. Kg1
Qc1+ 1/2-1/2

[Event "26.Torneo Collado Villalba 2011"]
[Site "Collado Villalba ESP"]
[Date "2011.08.25"]
[Round "3.18"]
[White "Morona Minguez, Irene"]
[Black "Ramos Aldoradin, John Paul"]
[Result "0-1"]
[WhiteElo "1930"]
[BlackElo "2159"]
[PlyCount "74"]
[EventDate "2011.08.23"]
[EventType "swiss"]
[EventRounds "9"]
[EventCountry "ESP"]
[Source "lmi"]
[SourceDate "2011.08.23"]

1. e4 e6 2. d4 d5 3. Nc3 Nf6 4. e5 Nfd7 5. f4 c5 6. Nf3 Nc6 7. Be3 cxd4 8. Nxd4
Bc5 9. Qd2 O-O 10. O-O-O a6 11. Nb3 Bb4 12. Bd3 b5 13. h4 Nb6 14. g4 Na4 15. g5
Nxc3 16. bxc3 Ba3+ 17. Kb1 Rb8 18. Qe2 Qc7 19. Qh5 g6 20. Qh6 d4 21. cxd4 Rd8
22. Nc5 Bxc5 23. dxc5 Bb7 24. h5 Nb4 25. hxg6 fxg6 26. Rh3 Bg2 27. Rh2 Be4 28.
Rdh1 Nxd3 29. cxd3 Rxd3 30. Kb2 Bxh1 31. Qh3 Be4 32. c6 Rxe3 33. Qxe3 Qxc6 34.
Qa7 Qb7 35. Qc5 Rc8 36. Qd4 Qc6 37. Qe3 b4 0-1

[Event "26.Torneo Collado Villalba 2011"]
[Site "Collado Villalba ESP"]
[Date "2011.08.25"]
[Round "3.19"]
[White "Bermejo Arruego, Luis"]
[Black "Navarro Martin, Carlos"]
[Result "1-0"]
[WhiteElo "2157"]
[BlackElo "1852"]
[PlyCount "67"]
[EventDate "2011.08.23"]
[EventType "swiss"]
[EventRounds "9"]
[EventCountry "ESP"]
[Source "lmi"]
[SourceDate "2011.08.23"]

1. e4 e6 2. d4 d5 3. e5 c5 4. c3 Nc6 5. Nf3 Qb6 6. a3 Nh6 7. b4 cxd4 8. cxd4
Nf5 9. Bb2 Be7 10. Be2 Bd7 11. O-O Rc8 12. Qd2 O-O 13. Rd1 f6 14. g4 Nh6 15.
exf6 Rxf6 16. g5 Rg6 17. h4 Ng4 18. h5 e5 19. hxg6 e4 20. gxh7+ Kxh7 21. Nh2
Nxh2 22. Kxh2 Qc7+ 23. Kg2 Bh3+ 24. Kxh3 Kg6 25. f4 Rh8+ 26. Kg2 Bxg5 27. Rh1
Bxf4 28. Rxh8 Bxd2 29. Nxd2 Qf4 30. Bh5+ Kg5 31. Bc1 Qc7 32. Nf3+ Kf5 33. Rf8+
Ke6 34. Ng5+ 1-0

[Event "26.Torneo Collado Villalba 2011"]
[Site "Collado Villalba ESP"]
[Date "2011.08.25"]
[Round "3.20"]
[White "Unciti Juan, Javier"]
[Black "Ananian, Arman"]
[Result "1-0"]
[WhiteElo "2133"]
[BlackElo "1847"]
[PlyCount "81"]
[EventDate "2011.08.23"]
[EventType "swiss"]
[EventRounds "9"]
[EventCountry "ESP"]
[Source "lmi"]
[SourceDate "2011.08.23"]

1. d4 Nf6 2. Bg5 g6 3. Bxf6 exf6 4. c4 Bg7 5. Nc3 d6 6. e3 O-O 7. g3 Nd7 8. Bg2
f5 9. Nge2 Nf6 10. O-O c6 11. b4 a6 12. a4 a5 13. b5 cxb5 14. cxb5 Rb8 15. Nf4
Re8 16. Qd3 Be6 17. Rfc1 d5 18. Ra2 Qd7 19. Rac2 g5 20. Nxe6 fxe6 21. b6 Qd6
22. Qb5 Nd7 23. Rb2 Ra8 24. Nxd5 exd5 25. Bxd5+ Kh8 26. Bxb7 Rab8 27. Rc7 Nf6
28. Qxf5 Re7 29. Rbc2 Ne8 30. Be4 Rxe4 31. Qxe4 Nxc7 32. bxc7 Rc8 33. Qb7 Qe6
34. Rc6 Qg4 35. Rd6 Rf8 36. Rd8 Qd1+ 37. Kg2 g4 38. Rxf8+ Bxf8 39. c8=Q Kg8 40.
Qe6+ Kh8 41. Qf6+ 1-0

[Event "26.Torneo Collado Villalba 2011"]
[Site "Collado Villalba ESP"]
[Date "2011.08.25"]
[Round "3.21"]
[White "Laynez Aspenberg, Jose"]
[Black "Martin Duque, Jesus"]
[Result "1/2-1/2"]
[WhiteElo "1898"]
[BlackElo "2124"]
[PlyCount "45"]
[EventDate "2011.08.23"]
[EventType "swiss"]
[EventRounds "9"]
[EventCountry "ESP"]
[Source "lmi"]
[SourceDate "2011.08.23"]

1. d4 d5 2. c4 c6 3. e3 Nf6 4. Nf3 Bf5 5. Nc3 e6 6. Nh4 Be4 7. f3 Bg6 8. Nxg6
hxg6 9. Qc2 Bd6 10. f4 Nbd7 11. Bd2 Bb4 12. Nb1 Qa5 13. Bxb4 Qxb4+ 14. Qd2
Qxd2+ 15. Nxd2 Ng4 16. Ke2 Rxh2 17. Rxh2 Nxh2 18. cxd5 exd5 19. e4 Nf6 20. e5
Nd7 21. g3 Nxf1 22. Rxf1 Nf8 23. Rh1 1/2-1/2

[Event "26.Torneo Collado Villalba 2011"]
[Site "Collado Villalba ESP"]
[Date "2011.08.25"]
[Round "3.22"]
[White "Fernandez Gil, Ruben Carlos"]
[Black "Arauz Alonso, Fernando"]
[Result "1/2-1/2"]
[WhiteElo "1847"]
[BlackElo "2123"]
[PlyCount "52"]
[EventDate "2011.08.23"]
[EventType "swiss"]
[EventRounds "9"]
[EventCountry "ESP"]
[Source "lmi"]
[SourceDate "2011.08.23"]

1. e4 c6 2. d4 d5 3. exd5 cxd5 4. c4 Nf6 5. Nc3 g6 6. Qb3 Bg7 7. cxd5 O-O 8.
Nf3 Qb6 9. Bc4 Na6 10. Qxb6 axb6 11. Bf4 Nb4 12. d6 Nc2+ 13. Kd2 Nxa1 14. dxe7
Re8 15. Re1 h6 16. d5 Bd7 17. d6 Ng4 18. Rxa1 Nxf2 19. Re1 b5 20. Nxb5 Bxb2 21.
Nc7 Ra4 22. Nxe8 Bxe8 23. Bb5 Rxa2 24. Bxe8 Bd4+ 25. Kc1 Nd3+ 26. Kd1 Nf2+
1/2-1/2

[Event "26.Torneo Collado Villalba 2011"]
[Site "Collado Villalba ESP"]
[Date "2011.08.25"]
[Round "3.25"]
[White "Draghici Flutur, Gavril"]
[Black "Hernandez Castro, Julio Cesar"]
[Result "1-0"]
[WhiteElo "2077"]
[BlackElo "1838"]
[PlyCount "132"]
[EventDate "2011.08.23"]
[EventType "swiss"]
[EventRounds "9"]
[EventCountry "ESP"]
[Source "lmi"]
[SourceDate "2011.08.23"]

1. e4 c6 2. d4 d5 3. e5 c5 4. dxc5 Nc6 5. Bf4 e6 6. Qd2 Bxc5 7. Nc3 Nge7 8. Na4
Bb4 9. c3 Ba5 10. Nf3 Ng6 11. Bg3 Bc7 12. Bb5 Bd7 13. Qe2 O-O 14. Bxc6 Bxc6 15.
Nc5 Bb6 16. Nb3 Qd7 17. Nbd4 Rfc8 18. O-O Bd8 19. Rfd1 a5 20. h4 h6 21. h5 Nf8
22. Nh2 b5 23. a3 Be7 24. Bf4 Nh7 25. Nhf3 Qb7 26. Rdc1 Bd7 27. Bd2 Rc7 28. Nb3
Rc4 29. Nbd4 Rc7 30. b3 Rac8 31. Qe1 Bg5 32. Nxg5 Nxg5 33. Bxg5 hxg5 34. Qe3
Be8 35. Qxg5 Kh7 36. Qe3 b4 37. axb4 axb4 38. cxb4 Rxc1+ 39. Rxc1 Rxc1+ 40.
Qxc1 Qxb4 41. Qc2+ Kg8 42. Nf3 Qg4 43. Qc8 Kf8 44. Qc5+ Kg8 45. Qe7 Bb5 46. Qg5
Qxg5 47. Nxg5 d4 48. f3 d3 49. Ne4 Kh7 50. Kf2 Kh6 51. g4 f5 52. exf6 gxf6 53.
Ke3 f5 54. Nd6 f4+ 55. Kd2 Bc6 56. Nf7+ Kg7 57. Ne5 Bd5 58. g5 Bxb3 59. Kxd3
Bd5 60. Ke2 Ba8 61. Kd3 Bd5 62. Kd4 Ba8 63. Kc5 Bd5 64. Kd6 Ba8 65. Ke7 Bd5 66.
h6+ Kh7 1-0

[Event "26.Torneo Collado Villalba 2011"]
[Site "Collado Villalba ESP"]
[Date "2011.08.25"]
[Round "3.26"]
[White "Ledo Galan, Jose Emilio"]
[Black "Garcia-Sanchez Navarro, Mariano"]
[Result "1-0"]
[WhiteElo "2073"]
[BlackElo "1573"]
[PlyCount "26"]
[EventDate "2011.08.23"]
[EventType "swiss"]
[EventRounds "9"]
[EventCountry "ESP"]
[Source "lmi"]
[SourceDate "2011.08.23"]

1. e4 e5 2. Nc3 Bc5 3. Bc4 Nf6 4. d3 Nc6 5. Bg5 Na5 6. Qe2 c6 7. f4 Nxc4 8.
dxc4 Bd4 9. Nf3 Bxc3+ 10. bxc3 exf4 11. e5 h6 12. exf6+ Kf8 13. fxg7+ Kxg7 1-0

[Event "26.Torneo Collado Villalba 2011"]
[Site "Collado Villalba ESP"]
[Date "2011.08.25"]
[Round "3.27"]
[White "Aziz Ortego, Omar Luis"]
[Black "Gordillo, Manuel"]
[Result "0-1"]
[WhiteElo "2168"]
[BlackElo "1930"]
[PlyCount "90"]
[EventDate "2011.08.23"]
[EventType "swiss"]
[EventRounds "9"]
[EventCountry "ESP"]
[Source "lmi"]
[SourceDate "2011.08.23"]

1. e4 e6 2. d4 d5 3. Nc3 Bb4 4. e5 c5 5. a3 Bxc3+ 6. bxc3 Qc7 7. Nf3 b6 8. Bd3
Ba6 9. O-O Bxd3 10. cxd3 Ne7 11. Bg5 Nec6 12. Qe2 cxd4 13. cxd4 h6 14. Bd2 a5
15. Rab1 Nd7 16. Rfc1 O-O 17. g4 Rac8 18. g5 h5 19. Qe3 g6 20. Kg2 Qa7 21. Rh1
Ne7 22. h3 Nf5 23. Qf4 Qa6 24. Ne1 Rc6 25. a4 Rfc8 26. Kf3 Nb8 27. Ke2 Qa7 28.
Nf3 Qe7 29. Rb3 Nd7 30. Ra1 Nb8 31. Rab1 Qc7 32. Ne1 Qa7 33. Kf1 Nd7 34. Rb5
Qc7 35. Ng2 Rc2 36. Ne3 Nxe3+ 37. Qxe3 Kf8 38. Ra1 Kg8 39. Rbb1 Nb8 40. Rb5 Nd7
41. Qe1 Qd8 42. Qd1 R8c6 43. Ke1 Qc7 44. f4 Nb8 45. Rab1 Nd7 0-1

[Event "26.Torneo Collado Villalba 2011"]
[Site "Collado Villalba ESP"]
[Date "2011.08.25"]
[Round "3.28"]
[White "Martin Martin, Luis Vicente"]
[Black "Barahona Torrijos, Angel"]
[Result "1-0"]
[WhiteElo "2048"]
[BlackElo "1902"]
[PlyCount "83"]
[EventDate "2011.08.23"]
[EventType "swiss"]
[EventRounds "9"]
[EventCountry "ESP"]
[Source "lmi"]
[SourceDate "2011.08.23"]

1. d4 Nf6 2. Bf4 d5 3. e3 Bf5 4. c4 c6 5. Qb3 Qb6 6. Nc3 Na6 7. c5 Qxb3 8. axb3
Nb4 9. Kd2 Ng4 10. Bg3 e5 11. h3 Nc2 12. hxg4 Nxa1 13. gxf5 Nxb3+ 14. Kd3 exd4
15. exd4 b6 16. cxb6 axb6 17. Nf3 f6 18. Be2 Bb4 19. Bd1 Na5 20. Nd2 b5 21. Bf4
Kd7 22. Bf3 Bxc3 23. Kxc3 h6 24. Rh3 Rhe8 25. Rg3 Re7 26. Rg6 Nb7 27. Nb3 Ra4
28. Be3 Ke8 29. Be2 Kf7 30. Bd3 Ra8 31. Rg3 Ra2 32. Rh3 b4+ 33. Kxb4 Rxb2 34.
Ka3 Rxb3+ 35. Kxb3 Nd6 36. Kb4 Nb7 37. Ba6 Nd8 38. Kc5 Ra7 39. Kb6 Re7 40. Rh1
Ke8 41. Bc8 Rf7 42. Bd2 1-0

[Event "26.Torneo Collado Villalba 2011"]
[Site "Collado Villalba ESP"]
[Date "2011.08.25"]
[Round "3.29"]
[White "Garcia Fernandez, Jesus"]
[Black "Erice Alonso, Santiago"]
[Result "0-1"]
[WhiteElo "1935"]
[BlackElo "2043"]
[PlyCount "80"]
[EventDate "2011.08.23"]
[EventType "swiss"]
[EventRounds "9"]
[EventCountry "ESP"]
[Source "lmi"]
[SourceDate "2011.08.23"]

1. e4 c5 2. Nc3 Nc6 3. f4 g6 4. Nf3 Bg7 5. Bc4 e6 6. O-O Nge7 7. d3 O-O 8. Qe1
d5 9. Bb3 Rb8 10. Ne2 b5 11. c3 c4 12. Bc2 cxd3 13. Bxd3 dxe4 14. Bxe4 Qb6+ 15.
Kh1 Nf5 16. Ng3 Nce7 17. Bxf5 Nxf5 18. Nxf5 exf5 19. Be3 Qc7 20. Bd4 Bxd4 21.
Nxd4 Bb7 22. Qf2 Be4 23. Rac1 Rfc8 24. Rfd1 a5 25. h4 Qb7 26. h5 Qe7 27. Nf3 f6
28. Nd4 Rc7 29. Qe2 Qe8 30. b3 gxh5 31. c4 Rg7 32. Rg1 Rg4 33. Qf2 Rd8 34. Rcd1
bxc4 35. bxc4 Rd7 36. Kh2 h4 37. Rd2 Rdg7 38. Qe1 Rxf4 39. Re2 Rfg4 40. Nxf5
Qe5+ 0-1

[Event "26.Torneo Collado Villalba 2011"]
[Site "Collado Villalba ESP"]
[Date "2011.08.25"]
[Round "3.30"]
[White "Esquivias Gomez, Francisco J"]
[Black "Jordana Vargas, Julio"]
[Result "1/2-1/2"]
[WhiteElo "2036"]
[BlackElo "1925"]
[PlyCount "64"]
[EventDate "2011.08.23"]
[EventType "swiss"]
[EventRounds "9"]
[EventCountry "ESP"]
[Source "lmi"]
[SourceDate "2011.08.23"]

1. e4 Nf6 2. e5 Nd5 3. d4 d6 4. Nf3 g6 5. Bc4 Nb6 6. Bb3 Bg7 7. a4 a5 8. Ng5 d5
9. f4 O-O 10. O-O Bf5 11. c3 Na6 12. Na3 h6 13. Nf3 Rc8 14. Bc2 Bxc2 15. Nxc2
c5 16. Qe1 e6 17. Qg3 cxd4 18. Ncxd4 Nc5 19. Qh3 Re8 20. f5 exf5 21. Bxh6 Ne6
22. Nxe6 Rxe6 23. Bf4 Rc4 24. Nd4 Re8 25. Qg3 Qc8 26. Kh1 Nxa4 27. Nb5 Nc5 28.
Nd6 Ne4 29. Nxc8 Nxg3+ 30. Bxg3 Rcxc8 31. Rxa5 Rcd8 32. Rb5 Rd7 1/2-1/2

[Event "26.Torneo Collado Villalba 2011"]
[Site "Collado Villalba ESP"]
[Date "2011.08.25"]
[Round "3.31"]
[White "Herrero Corada, Jose Ignacio"]
[Black "Torres Samper, Rafael"]
[Result "0-1"]
[WhiteElo "1852"]
[BlackElo "2015"]
[PlyCount "158"]
[EventDate "2011.08.23"]
[EventType "swiss"]
[EventRounds "9"]
[EventCountry "ESP"]
[Source "lmi"]
[SourceDate "2011.08.23"]

1. e4 c5 2. d4 cxd4 3. Nf3 d6 4. c3 Nf6 5. e5 dxe5 6. Nxe5 a6 7. Bc4 e6 8. O-O
Be7 9. Qe2 O-O 10. Rd1 Qc7 11. Bf4 Bd6 12. Rxd4 Nc6 13. Rxd6 Qxd6 14. Ng6 e5
15. Nxe5 Nxe5 16. Bxe5 Qe7 17. Nd2 Ng4 18. Bd4 Qxe2 19. Bxe2 Re8 20. Bf3 Ne5
21. Bd5 Nc6 22. Be3 Bf5 23. Nc4 Rad8 24. Bf3 Be4 25. Be2 Bd3 26. Kf1 f5 27.
Bxd3 Rxd3 28. Na3 Kf7 29. Nc2 Rd5 30. Ne1 Ne5 31. Bd4 f4 32. Rd1 Nc6 33. Nf3
Nxd4 34. Nxd4 b5 35. Rd3 Kg8 36. Rf3 Re4 37. a3 Rde5 38. g3 fxg3 39. hxg3 Re1+
40. Kg2 Rb1 41. Nc6 Re8 42. Nb4 a5 43. Nd3 a4 44. Rf5 Rd8 45. Nb4 Rxb2 46. Rxb5
Rb3 47. Ra5 Rxa3 48. Nc6 Re8 49. c4 Ra1 50. Ra7 a3 51. Nd4 a2 52. Nc2 Rd1 53.
c5 Rc8 54. Rxa2 Rxc5 55. Ne3 Rd8 56. Ra7 h5 57. Nf1 Rc2 58. Ne3 Rb2 59. Nc4 Re2
60. Ra3 Rf8 61. Rf3 Rxf3 62. Kxf3 Ra2 63. Nd6 Kh7 64. Nf5 Kg6 65. Nh4+ Kf6 66.
Ke3 g5 67. Ng2 Kf5 68. Ne1 Ra3+ 69. Ke2 h4 70. gxh4 gxh4 71. Nf3 Kg4 72. Ne5+
Kf4 73. Ng6+ Kg5 74. Ne5 h3 75. Nf3+ Kf4 76. Nh2 Ra1 77. Nf1 Ra2+ 78. Ke1 Kf3
79. Nh2+ Kg2 0-1